|
|
|
|
| LEADER |
00000nam0a2200000 4500 |
| 001 |
246994 |
| 005 |
20231101232247.0 |
| 035 |
|
|
|a (RuTPU)RU\TPU\book\268463
|
| 090 |
|
|
|a 246994
|
| 100 |
|
|
|a 20131212d1969 k y0rusy50 ca
|
| 101 |
0 |
|
|a rus
|
| 102 |
|
|
|a RU
|
| 105 |
|
|
|a a z 000zy
|
| 200 |
1 |
|
|a Методы интерполяции в приложении к динамометрии
|f Л. М. Максимов
|
| 210 |
|
|
|a Москва
|c Изд-во стандартов
|d 1969
|
| 215 |
|
|
|a 116 с.
|c ил.
|
| 606 |
1 |
|
|a Динамометры
|2 stltpush
|3 (RuTPU)RU\TPU\subj\9540
|9 36768
|
| 610 |
1 |
|
|a схемы
|
| 610 |
1 |
|
|a интерполяция
|
| 610 |
1 |
|
|a пределы
|
| 610 |
1 |
|
|a погрешности
|
| 610 |
1 |
|
|a анализ
|
| 610 |
1 |
|
|a суммирование
|
| 610 |
1 |
|
|a методы
|
| 675 |
|
|
|a 531.7
|v 3
|
| 700 |
|
1 |
|a Максимов
|b Л. М.
|g Леонид Михайлович
|
| 801 |
|
1 |
|a RU
|b 63413507
|c 20131212
|
| 801 |
|
2 |
|a RU
|b 63413507
|c 20221102
|g RCR
|
| 942 |
|
|
|c BK
|